| 000 -CABECERA |
| fixed length control field |
01659nam a22002897a 4500 |
| 003 - IDENTIFICADOR DEL NÚMERO DE CONTROL |
| control field |
AR-CdUCM |
| 008 - DATOS DE LONGITUD FIJA--INFORMACIÓN GENERAL |
| fixed length control field |
190322b ||||| |||| 00| 0 spa d |
| 040 ## - FUENTE DE LA CATALOGACIÓN |
| Agencia/entidad que catalogó originalmente la obra |
MUNICIPALIDAD PROVINCIAL DEL CUSCO |
| Entidad que transcribió la catalogación |
BIBLIOTECA MUNICIPAL DEL CUSCO |
| 082 ## - NÚMERO DE LA CLASIFICACIÓN DECIMAL DEWEY |
| No. de la edición |
2ed. |
| No. de Clasificación |
660 / |
| Notacion interna |
U36 |
| 100 ## - ENTRADA PRINCIPAL--NOMBRE DE PERSONA |
| Nombre Personal |
Ullmann, Fritz |
| 245 ## - MENCIÓN DE TÍTULO |
| Título |
Enciclopedia de química industrial / |
| 260 ## - PUBLICACIÓN, DISTRIBUCIÓN, ETC. |
| Lugar de publicación, distribución, etc. |
Barcelona : |
| Nombre de la editorial, distribuidor, etc. |
Gustavo Gili, |
| Fecha de publicación, distribución, etc. |
1955. |
| 300 ## - DESCRIPCIÓN FÍSICA |
| Nº de Páginas Extensión |
13 tomos, |
| Dimensiones |
26 cm. |
| Otros detalles físicos |
ilustraciones, tablas, cuadros, figuras, |
| 505 ## - NOTA DE CONTENIDO CON FORMATO |
| Nota de contenido formateada |
Contenido: t.1: Sección 1 - Química general: Absorción -- Ventiladores -- t.2: Industria química inorgánica y sus productos A-C1 -- t.3: Industria química inorgánica y sus productos C1-Z -- t.4: Industria química inorgánica y sus productos A-Ce -- t.5: Industria química inorgánica y sus productos Ci-Z -- t.6: Metalurgia -- Minería -- Ceramica --Electroquimica -- Explosivos A-G -- Metalurgia -- Minería -- Ceramica -- Electroquimica -- Explosivos H-Pi -- t.8: Metalurgia -- Minería -- Ceramica -- Electroquimica --Explosivos P1-Z -- Combustibles -- Alumbrado -- Industrias forestales -- t.10: Productos agrícola, alimenticios y medicinales A-D -- t.11: Tintorería -- Curtidos -- Arte textil -- Artes gráficas F-Z -- t.12: Tintorería -- Curtidos -- Arte textil -- Artes gráficas A-E. |
| 650 ## - PUNTO DE ACCESO ADICIONAL DE MATERIA--TÉRMINO DE MATERIA |
| Descriptor |
Conbustible |
| 9 (RLIN) |
23222 |
| 650 ## - PUNTO DE ACCESO ADICIONAL DE MATERIA--TÉRMINO DE MATERIA |
| Descriptor |
Operaciones |
| 9 (RLIN) |
23223 |
| 650 ## - PUNTO DE ACCESO ADICIONAL DE MATERIA--TÉRMINO DE MATERIA |
| Descriptor |
Química |
| 9 (RLIN) |
4512 |
| 650 ## - PUNTO DE ACCESO ADICIONAL DE MATERIA--TÉRMINO DE MATERIA |
| Descriptor |
Enciclopedia |
| 9 (RLIN) |
18075 |
| 650 ## - PUNTO DE ACCESO ADICIONAL DE MATERIA--TÉRMINO DE MATERIA |
| Descriptor |
Máquinas |
| 9 (RLIN) |
20333 |
| 650 ## - PUNTO DE ACCESO ADICIONAL DE MATERIA--TÉRMINO DE MATERIA |
| Descriptor |
Mineria |
| 9 (RLIN) |
430 |
| 650 ## - PUNTO DE ACCESO ADICIONAL DE MATERIA--TÉRMINO DE MATERIA |
| Descriptor |
Industria |
| 9 (RLIN) |
4386 |
| 700 ## - PUNTO DE ACCESO ADICIONAL--NOMBRE DE PERSONA |
| Nombre Personal |
Estalella, José (versión alemán) |
| 9 (RLIN) |
23224 |
| 942 ## - ELEMENTOS DE PUNTO DE ACCESO ADICIONAL (KOHA) |
| Fuente de clasificación |
|
| Tipo de item |
Libros-BMC |
| 945 ## - PROCESAMIENTO DE INFORMACIÓN LOCAL (OCLC) |
| Catalogador |
rah |